00721 2200253 4500001002100000005001500021035002000036007000300056008004100059020002200100082000800122084001400130100002300144245012100167260003800288300002600326650002900352700001800381700002000399700001700419990001100436990001100447990000900458INLIS00000000000457820191205103800 a0010-1219000030ta191205 g 0 ind  a978-602-1129-29-6 a909 a909 CHA s0 aCHARLES, Seignobos1 aSejarah Peradaban Dunia Kuno /cCharles Seignobos; penerjemah, Ahmad Asnawi; penyunting, Daru Wijayanti, Nur Iswarso aYogyakarta :bIndoliterasi,c2016 aiv, 349 hlm. ;c23 cm 4aSEJARAH. PERADABAN DUNIA0 aAHMAD, Asnawi0 aDARU, Wijayanti0 aNUR, Iswarso a7284 a a7284 b a5999